2026/27 English Football League Teams - Statistics

General Stats
  • This quiz has been taken 13 times
  • The average score is 52 of 84
Answer Stats
League Answer % Correct
Premier League Arsenal
100%
Premier League Bournemouth
92%
Premier League Chelsea
92%
League One Leicester City
92%
Premier League Liverpool
92%
Premier League Manchester City
92%
Premier League Manchester United
92%
Premier League Aston Villa
85%
Premier League Brentford
85%
Premier League Brighton & Hove Albion
85%
Premier League Coventry City
85%
Championship Birmingham City
77%
Championship Blackburn Rovers
77%
Championship Burnley
77%
Premier League Everton
77%
Premier League Fulham
77%
Premier League Ipswich Town
77%
Premier League Leeds United
77%
Championship Portsmouth
77%
Championship Sheffield United
77%
League One Sheffield Wednesday
77%
League One AFC Wimbledon
69%
Championship Cardiff City
69%
League One Luton Town
69%
Championship Millwall
69%
Premier League Newcastle United
69%
Championship Norwich City
69%
Premier League Nottingham Forest
69%
League One Oxford United
69%
Championship Queens Park Rangers
69%
Premier League Sunderland
69%
Championship West Bromwich Albion
69%
Championship Wolverhampton Wanderers
69%
Championship Wrexham
69%
League One Blackpool
62%
League One Bromley
62%
League One Cambridge United
62%
Championship Charlton Athletic
62%
League Two Chesterfield
62%
League Two Colchester United
62%
Premier League Crystal Palace
62%
Championship Derby County
62%
League Two Oldham Athletic
62%
League One Plymouth Argyle
62%
Championship Swansea City
62%
League One Wigan Athletic
62%
League One Wycombe Wanderers
62%
League Two Barnet
54%
League One Barnsley
54%
League One Bradford City
54%
League One Burton Albion
54%
League Two Exeter City
54%
League One Huddersfield Town
54%
League One Milton Keynes Dons
54%
League Two Northampton Town
54%
Championship Preston North End
54%
League Two Rotherham United
54%
Championship Stoke City
54%
League Two Walsall
54%
Championship Watford
54%
League Two Accrington Stanley
46%
Championship Bristol City
46%
League Two Cheltenham Town
46%
League Two Crawley Town
46%
League One Doncaster Rovers
46%
League Two Fleetwood Town
46%
League One Leyton Orient
46%
Championship Lincoln City
46%
Championship Middlesbrough
46%
League One Reading
46%
League Two Shrewsbury Town
46%
League One Stevenage
46%
League Two York City
46%
League Two Bristol Rovers
38%
League Two Crewe Alexandra
38%
League Two Gillingham
38%
League Two Grimsby Town
38%
League One Mansfield Town
38%
League Two Newport County
38%
League One Peterborough United
38%
League Two Port Vale
38%
League Two Rochdale
38%
League Two Swindon Town
38%
League Two Tranmere Rovers
38%
No matching quizzes found
Score Distribution
Percent of People with Each Score
Percentile by Number Answered
Your Score History
You have not taken this quiz